Revista de derecho de daños 2011 - 2 : daño punitivo. /
Guardado en:
| Formato: | Libro |
|---|---|
| Idioma: | Spanish |
| Publicado: |
Santa Fe :
Rubinzal - Culzoni,
2011.
|
| Edición: | 1a. ed. |
| Materias: | |
| Etiquetas: |
Agregar Etiqueta
Sin Etiquetas, Sea el primero en etiquetar este registro!
|
| LEADER | 00677nam a22002055a 4500 | ||
|---|---|---|---|
| 001 | DER.der013105 | ||
| 008 | 180615s2011####|||||||||||||||||#||spa|| | ||
| 005 | 20231222135013.0 | ||
| 245 | 1 | 0 | |a Revista de derecho de daños 2011 - 2 : |b daño punitivo. / |c Jorge Mosset Iturraspe. |
| 250 | |a 1a. ed. | ||
| 260 | |a Santa Fe : |b Rubinzal - Culzoni, |c 2011. | ||
| 020 | |a 978-987-30-0159-8 | ||
| 700 | 1 | |a Mosset Iturraspe, Jorge, |e dir. | |
| 700 | 1 | |a Lorenzetti, Ricardo Luis, |e dir. | |
| 650 | 7 | |a NATURALEZA JURIDICA | |
| 650 | 7 | |a FINALIDAD DE PREVENCION | |
| 650 | 7 | |a INTERPRETACION ECONOMICA | |
| 650 | 7 | |a PRUEBA | |
| 650 | 7 | |a DEFENSA DEL CONSUMIDOR | |
| 859 | |a DERECHO |b BIB. DERECHO |h 346 |i REV |p 007040 | ||
